Early American steam locomotives; (Record no. 890)

MARC details
000 -LEADER
fixed length control field 00734cam a22002531 4500
005 - DATE AND TIME OF LATEST TRANSACTION
control field 20260322212038.0
008 - FIXED-LENGTH DATA ELEMENTS--GENERAL INFORMATION
fixed length control field data
010 ## - LIBRARY OF CONGRESS CONTROL NUMBER
LC control number 62014493
040 ## - CATALOGING SOURCE
Original cataloging agency DLC
Transcribing agency Wa
Modifying agency DLC
043 ## - GEOGRAPHIC AREA CODE
Geographic area code n-us---
050 00 - LIBRARY OF CONGRESS CALL NUMBER
Classification number TJ603
Item number .K5
082 00 - DEWEY DECIMAL CLASSIFICATION NUMBER
Classification number 621.134
092 ## - LOCALLY ASSIGNED DEWEY CALL NUMBER (OCLC)
Classification number 621.13 K5 1962
001 - CONTROL NUMBER
control field data
100 1# - MAIN ENTRY--PERSONAL NAME
Personal name Kinert, Reed.
245 10 - TITLE STATEMENT
Title Early American steam locomotives;
Remainder of title 1st seven decades, 1830-1900.
Statement of responsibility, etc. Reed Kinert.
250 ## - EDITION STATEMENT
Edition statement [1st ed.]
260 ## - PUBLICATION, DISTRIBUTION, ETC.
Place of publication, distribution, etc. Seattle,
Name of publisher, distributor, etc. Superior Pub. Co.
Date of publication, distribution, etc. [1962]
300 ## - PHYSICAL DESCRIPTION
Extent 158 p.
Other physical details illus.
Dimensions 22 x 28 cm.
650 #0 - SUBJECT ADDED ENTRY--TOPICAL TERM
Topical term or geographic name entry element Steam locomotives
Geographic subdivision United States
General subdivision Pictorial works.
906 ## - LOCAL DATA ELEMENT F, LDF (RLIN)
a 7
b cbc
c orignew
d u
e ocip
f 19
g y-gencatlg
985 ## -
-- WSL/WSL
-- COMARC
991 ## -
-- c-GenColl
-- TJ603
-- .K5
-- Copy 1
-- BOOKS
Holdings
Withdrawn status Lost status Damaged status Not for loan Home library Current library Shelving location Date acquired Total checkouts Full call number Barcode Date last seen Price effective from Koha item type
        Franklin Franklin General stacks 22/03/2026   621.134 BC0010917 22/03/2026 22/03/2026 Books